=LDR 00000nam 2200000 4500 =001 INLIS000000000040021 =005 20130612145617 =008 ***********************************ind** =035 ##$$0010-061300000040021 =041 ##$$a ind =082 ##$$a 2x1.1 =100 ##$$a purwanto, Djoko =245 ##$$a komunikasi bisnis =260 ##$$a erlangga $b jakarta =300 ##$$a 326 hlm =850 ##$$a NBPNMAT